| 000 | 00000nam##2200000za#4500 |
| 001 | 9.617036 |
| 003 | CaOODSP |
| 005 | 20210615101925 |
| 007 | ta |
| 008 | 150406|2004||||xxc||||| f|0| 0 eng|d |
| 040 | |aCaOODSP|beng |
| 043 | |an-cn--- |
| 086 | 1 |aNH18-22/104-107E |
| 110 | 2 |aCanada Mortgage and Housing Corporation. |
| 245 | 10|aSurvey of in-suite space and domestic hot water heating systems in multi-residential buildings |
| 260 | |bCanada Mortgage and Housing Corporation |c2004. |
| 300 | |a[4]p. : |bcoloured illus. ; |c28 cm. |
| 490 | 1 |aResearch highlight. Technical series |v04-107 |
| 520 | 3 |aThese technical papers summarize a wide range of housing-related studies, reports, and manuals. They examine issues as diverse as low-maintenance northern landscaping; policy options for achieving healthy indoor air quality; and various aspects of building performance, including high-rise building envelope performance, performance of various building materials, and evaluations of district heating systems. |
| 563 | |aPamphlet |
| 590 | |a04-34|b2004-08-20 |
| 775 | 08|tEnquête sur les installations individuelles utilisées pour le chauffage de l'eau et des locaux dans les collectifs d'habitation |w(CaOODSP)9.626683 |
| 776 | 0#|tSurvey of in-suite space and domestic hot water heating systems in multi-residential buildings |w(CaOODSP)9.581152 |
| 830 | #0|aResearch highlight. Technical series ;|v04-107|w(CaOODSP)9.514826 |